000 01280nam a2200265Ia 4500
003 OSt
005 20220930094839.0
006 a|||||r|||| 00| 0
007 ta
008 220926b |||||||| |||| 00| 0 hin d
024 _a21643
037 _cTheses
040 _aCRL
_cCRL
_bhin
041 _2hin
_ahin
100 _aसत्यकेतु
110 _aदिल्ली विश्वविद्यालय. कला संकाय. संस्कृत विभाग
_9556449
245 0 _aआधुनिक वाक्यार्थविवेचन के सन्दर्भ में वाक्यकाण्ड का मूल्यांकन
246 _aĀdhunik vākyārthavivechan ke sandarbha mean vākyakāṇḍa kā mūlyāankana
260 _c2014
650 _aसंस्कृत साहित्य
700 _a प्रो. दीप्ति शर्मा त्रिपाठी, गा.
_9556450
700 _aदिल्ली विश्वविद्यालय. कला संकाय. संस्कृत विभाग
_9556451
942 _cDIS
_2CC
999 _c887770
_d887770